Príspevok k voľbe konštánt regulátorov pri kaskádovej regulácii : Kand.diz.práca : V.odb. 26-02-9 : Obh. 01.07.1976 /

Salvato in:
Dettagli Bibliografici
Autore principale: Kieu Tien Quang (Autore)
Altri autori: Skákala, Jozef (Relatore della tesi)
Natura: Manoscritto Libro
Pubblicazione: Bratislava : SVŠT v Bratislave EF, 1976
Soggetti:
Tags: Aggiungi Tag
Nessun Tag, puoi essere il primo ad aggiungerne!!

MARC

LEADER 00000ntm a22000003a 4500
001 stu5540
005 20150617225657.2
008 ------s1976----------------------------d
040 |a STU  |b slo 
041 0
100 1 |a Kieu Tien Quang  |4 aut 
245 1 |a Príspevok k voľbe konštánt regulátorov pri kaskádovej regulácii :  |b Kand.diz.práca : V.odb. 26-02-9 : Obh. 01.07.1976 /  |c [aut.] Kieu Tien Quang, Ing.; Škol. Skákala,Jozef 
260 |a Bratislava :  |b SVŠT v Bratislave EF,  |c 1976 
300 |a 218 s 
650 7 |a elektrické stroje a prístroje  |2 stusub 
700 1 |a Skákala, Jozef  |4 ths 
996 |b 284ED00392  |c E*KDIZ-173  |l EE01  |s A  |a 24  |w stu5540_0001